000 00450nam a2200181Ia 4500
008 090123s9999 xx 000 0 und d
082 _b42402
100 _aसाळोखे विलास
245 _aनाती
250 _a1
260 _c2007
300 _a192
600 _aसाळोखे विलास
630 _aनाती
700 _aसाळोखे विलास
730 _aनाती
942 _cBOOK
999 _c80478
_d80478